000 00463nam a2200181Ia 4500
008 240925s9999 xx 000 0 und d
020 _aNA
082 _a080 OHL
100 _aOhler , Norman
245 0 _aVoice and Vision Young writers from Pakistan
250 _aNA
260 _aKarachi:
_bOxford University Press
_c,2008.
300 _a137p.
_bNA
_fOriginal
500 _aNA
600 _aHumanities & Natural Science
650 _aGeneralia
942 _cBK
999 _c9982
_d9982